书目信息 |
| 题名: |
会计基础知识
|
|
| 作者: | 葛家澍 主编 | |
| 分册: | ||
| 出版信息: | 上海 上海人民出版社 1993.1 |
|
| 页数: | 286页 | |
| 开本: | 20cm | |
| 丛书名: | ||
| 单 册: | ||
| 中图分类: | F23 | |
| 科图分类: | 29.8 | |
| 主题词: | 会计--基本知识 , 会计 | |
| 电子资源: | ||
| ISBN: | 7-208-00213-4 | |
| 000 | 00712nam0 2200265 450 | |
| 001 | 0193041956 | |
| 005 | 20100713011413.0 | |
| 010 | @a7-208-00213-4@dCNY2.40 | |
| 011 | @a7-208-00213-4 | |
| 100 | @a19930921d1993 em y0chiy0110 ea | |
| 101 | 0 | @achi |
| 102 | @aCN@b310000 | |
| 105 | @ay z 000yy | |
| 106 | @ar | |
| 200 | 1 | @a会计基础知识@9Hui;Kuai Ji Ji Chu Zhi Shi;Zhi @f葛家澍主编 |
| 210 | @a上海@c上海人民出版社@d1993.1 | |
| 215 | @a286页@d20cm | |
| 314 | @a葛家澍,厦门大学经济系任教 | |
| 606 | 0 | @a会计@x基本知识 |
| 606 | 0 | @a会计 |
| 690 | @aF23@v三版 | |
| 692 | @a29.8 | |
| 701 | 0 | @a葛家澍@9ge jia shu@f(1921~)@4主编 |
| 801 | 0 | @aCN@b91MARC@c20130904 |
| 905 | @aBZT@dF23@e287@f1@sF23/287 | |
| 会计基础知识/葛家澍主编.-上海:上海人民出版社,1993.1 |
| 286页;20cm |
| ISBN 7-208-00213-4:CNY2.40 |
| ● |
| 相关链接 |
|
|
|
正题名:会计基础知识
索取号:F23/287
 
预约/预借
| 序号 | 登录号 | 条形码 | 馆藏地/架位号 | 状态 | 备注 |
| 1 | 2000143197 | 2000143197 | 旧书回溯/ [索取号:F23/287] | 在馆 |